| 000 | 00924cam a2200277 a 4500 | ||
|---|---|---|---|
| 005 | 20260322212034.0 | ||
| 008 | data | ||
| 010 | _a 96000388 | ||
| 020 | _a0887307876 | ||
| 020 | _a9780887307874 | ||
| 040 |
_aDLC _cDLC _dDLC |
||
| 050 | 0 | 0 |
_aHD31 _b.A294 1996 |
| 082 | 0 | 0 |
_a650.1/3 _220 |
| 092 | _a650.1 A294 1996 | ||
| 100 | 1 |
_aAdams, Scott, _d1957- |
|
| 245 | 1 | 4 |
_aThe Dilbert principle : _ba cubicle's-eye view of bosses, meetings, management fads & other workplace afflictions / _cScott Adams. |
| 260 |
_aNew York : _bHarperBusiness, _cc1996. |
||
| 300 |
_aviii, 336 p. : _bill. ; _c22 cm. |
||
| 600 | 1 | 0 |
_aAdams, Scott, _d1957- _tDilbert. |
| 650 | 0 |
_aManagement _xMiscellanea. |
|
| 650 | 0 |
_aOffice politics _xMiscellanea. |
|
| 650 | 0 |
_aPersonnel management _xMiscellanea. |
|
| 650 | 0 |
_aManagement _xCaricatures and cartoons. |
|
| 856 | 4 |
_3Table of Contents _uhttp://lcweb.loc.gov/catdir/toc/96000388.html |
|
| 001 | data | ||
| 999 |
_c801 _d801 |
||